Bulletin of the American Meteorological Society

Detalles Bibliográficos
Autor Corporativo: American Meteorological Society
Formato: Electrónico Revista
Lenguaje:inglés
Publicado: Boston, MA : American Meteorological Society
Materias:
Acceso en línea:Full text available from Research Library: 07/01/1997 to 2 years ago

MARC

LEADER 00000nas a2200000 a 4500
001 ssj0003381
003 WaSeSS
005 20200512172242.0
006 m d
007 cr n
008 980420c19209999dcumr pss 0 a0eng c
010 |a sn 98007717  
022 |a 1520-0477  |y 0003-0007 
035 |a (WaSeSS)ssj0003381 
037 |b American Meteorological Society, 45 Beacon Street, Boston, MA 02108 
037 |a 22573/ctt1c32830  |b JSTOR 
040 |a NOC  |b eng  |c NOC  |d NSD  |d OCL  |d NOC  |d OCLCQ  |d DLC  |d MUQ  |d CIT  |d OCLCQ  |d DLC  |d OCLCF  |d OCLCO  |d OCLCQ  |d RCE  |d TEF  |d VT2  |d WaSeSS 
042 |a nsdp  |a pcc 
050 4 |a QC851 
082 1 0 |a 551  |2 13 
130 0 |a Bulletin of the American Meteorological Society (Online) 
210 0 |a Bull. Am. Meteorol. Soc.  |b (Online) 
222 0 |a Bulletin of the American Meteorological Society  |b (Online) 
245 1 0 |a Bulletin of the American Meteorological Society  |h [electronic resource]. 
260 |a Boston, MA :  |b American Meteorological Society 
362 1 |a Print began in 1920. 
506 |a License restrictions may limit access. 
538 |a Mode of access: Internet (Wide World Web). 
610 2 6 |a American Meteorological Society. 
650 0 |a Meteorology  |v Periodicals. 
650 6 |a Météorologie  |v Périodiques. 
650 7 |a Meteorology.  |2 fast  |0 (OCoLC)fst01018441 
655 0 |a Electronic journals. 
710 2 |a American Meteorological Society. 
776 1 |a American Meteorological Society.  |t Bulletin of the American Meteorological Society  |x 0003-0007  |w (DLC) 33013377  |w (OCoLC)1480420 
856 4 0 |z Full text available from Research Library: 07/01/1997 to 2 years ago  |u https://search.proquest.com/publication/31345